Dans quel jeu Mario peut-on aller dans cet endroit ? - Statistiques

Statistiques générales
  • Ce quiz a été pris 12 fois
  • Le résultat moyen est 8 sur 25
Statistiques - réponses
Lieu Jeu Mario % Correct
Aéroport Azur Mario Kart 8
92%
Galion de Wario Mario Kart 7
83%
Circuit Luigi Mario Kart Wii
67%
Côté Obscur Super Mario Odyssey
58%
Plage saladier Super Mario Galaxy
50%
Village Pianta Super Mario Sunshine
50%
Champiville Mario Kart Double Dash
42%
Mont Tchou Tchou Mario Kart World
42%
Baie des Pirates Super Mario 64
42%
Terrasse des rigolonimbus Super Mario Galaxy 2
42%
Colline aux super clochettes Super Mario 3D World
33%
Iles florales Super Mario Bros Wonder
33%
Hahadémie Mario & Luigi: Superstar Saga
25%
Moulinville Mario Party 7
17%
Port-Lacanaie Paper Mario La Porte Millénaire
17%
Décalbourg Paper Mario Sticker Star
17%
Ile Chocolat Super Mario World
17%
Château Niark Super Paper Mario
17%
Givreville Mario et Sonic aux Jeux Olympiques d'hiver
8%
Mont Pyjama Mario & Luigi: Dream Team Bros
8%
Village de Holijoli Mario & Luigi: Les Frères du Temps
8%
Galeries Arc-en-ciel Super Mario Party Jamboree
8%
Plage Kari-Kari Mario & Luigi: Voyage au centre de Bowser
0%
Biarbuto Super Mario Land
0%
Mines de Moleville Super Mario RPG
0%
Aucun quiz correspondant
Distribution des résultats
% des personnes avec chaque résultat
Percentile par nombre de réponses
Votre historique - résultats
Vous n’avez pas pris ce quiz